Automotive engines (Record no. 12154)

000 -LEADER
fixed length control field 00538nam a2200193 4500
001 - CONTROL NUMBER
control field 12154
003 - CONTROL NUMBER IDENTIFIER
control field BD-DhUET
008 - FIXED-LENGTH DATA ELEMENTS--GENERAL INFORMATION
fixed length control field 710511s1971 nyuah 001 0 eng
040 ## - CATALOGING SOURCE
Original cataloging agency DLC
Transcribing agency DLC
Modifying agency BD-DhUET
082 00 - DEWEY DECIMAL CLASSIFICATION NUMBER
Classification number 629.25
Item number CRO/1971
100 ## - MAIN ENTRY--PERSONAL NAME
Personal name Crouse, William H.
245 10 - TITLE STATEMENT
Title Automotive engines
Remainder of title construction, operation, and maintenance
250 ## - EDITION STATEMENT
Edition statement 4th ed.
260 ## - PUBLICATION, DISTRIBUTION, ETC. (IMPRINT)
Place of publication, distribution, etc. New York
Name of publisher, distributor, etc. McGraw-Hill
Date of publication, distribution, etc. 1971
300 ## - PHYSICAL DESCRIPTION
Extent 495 p.
Other physical details illus.
Dimensions 26 cm.
490 0# - SERIES STATEMENT
Series statement McGraw-Hill automotive technology series
650 #0 - SUBJECT ADDED ENTRY--TOPICAL TERM
Topical term or geographic name as entry element Automobiles
942 ## - ADDED ENTRY ELEMENTS (KOHA)
Koha item type General Book
Holdings
Copy number Koha normalized classification for sorting Price effective from Koha date last seen Date acquired Withdrawn status Lost status Koha full call number Not for loan Source of classification or shelving scheme Shelving location Piece designation (barcode) Location (home branch) Koha item type Damaged status Sublocation or collection (holding branch)
1629_250000000000000_CRO_19712015-02-242015-02-242015-02-24  629.25/CRO/1971  Circulation section31220Central Library, BUETGeneral Book Central Library, BUET
2629_250000000000000_CRO_19712015-02-262015-02-262015-02-26  629.25/CRO/1971  Circulation section34748Central Library, BUETGeneral Book Central Library, BUET
3629_250000000000000_CRO_19712015-05-112015-05-112015-05-11  629.25/CRO/1971  Circulation section31223Central Library, BUETGeneral Book Central Library, BUET
4629_250000000000000_CRO_19712015-05-112015-05-112015-05-11  629.25/CRO/1971  Circulation section31218Central Library, BUETGeneral Book Central Library, BUET
5629_250000000000000_CRO_19712015-06-202015-06-202015-06-20  629.25/CRO/1971  Reading section26344Central Library, BUETReading Item Central Library, BUET
6629_250000000000000_CRO_19712015-06-302015-06-302015-06-30  629.25/CRO/1971  Reading section31221Central Library, BUETReading Item Central Library, BUET